Responses for show #4130 - Friday, July 12, 2002

(Cheryl: Pro basketball--not as tough as it looks. Check it out on Jeopardy! next.)

Contestants

Peter Sze, a former teacher originally from Baton Rouge, Louisiana

Gail Polzin, a public relations director from Buffalo Grove, Illinois

Richard Mason, a roboticist from Pasadena, California (whose 1-day cash winnings total $29,600)

Jeopardy! Round responses

CHRISTOPHER COLUMBUS
BASKETBALL
(Alex: We'll be at the American Airlines Center, home of the Dallas Mavericks, for some of those clues.)
PEOPLE & PLACES
STAMPS OF APPROVAL
THE FORTUNE 500
NEWER WORDS & PHRASES
    $200 1
South America

Peter
    $200 2
hook shot

Richard
    $200 3
(Richard: What is Indiana?)

Nebraska

RichardPeter
    $200 7
Woodstock

Richard
    $200 14
1 of (Mattel and Hasbro)

Richard
    $200 23
"...done that"

Gail
    $400 16
Isabella and Ferdinand

Peter
    $400 4
Slam Dunk competition

Peter
    $400 6
Kenya

Gail
    $400 8
Fenway Park

Peter
    $400 15
Nike

Peter
    $400 24
challenged

Richard
    $600 17
Genoa

Peter
    $600 5
crossover

Richard
    $600 11
Indonesia

Richard
    $600 28
[Alex pronounces "That's Despicable" using [*]'s voice.]

Daffy Duck

Richard
    $600 20
Enron

Peter
    $600 25
Y2K

Richard
    $800 18
(Washington) Irving

Richard
    $800 9
Rick Barry

Peter
    $800 12
(Richard: What is Nebraska?)

Texas

Richard
Triple Stumper
    $3,000 29
lighthouses

Richard
    $800 21
airline

Richard
    $800 26
mall rat

Richard
    $1000 19
(Alex: The Duke [*]. Richard? I was gonna say Ricardo.)

de la Vega

Triple Stumper
    $1000 10
(Peter: What is...?)
...
(Alex: He was [*] Cheryl; with him doing that, there's no way she's ever gonna get a rebound. Ever!)

boxing out

Peter
Triple Stumper
    $1000 13
St. Croix

Richard
    $1000 30
(Peter: What is Hoover Dam?)

Niagara Falls

Peter
Triple Stumper
    $1000 22
McDonald's

Richard
    $1000 27
edutainment

Gail

Scores at the first commercial break (after clue 15):

Richard Gail Peter
$1,800 $400 $1,400

Scores at the end of the Jeopardy! Round:

Richard Gail Peter
$9,800 $1,600 $2,000

Double Jeopardy! Round responses

CHRIS COLUMBUS
(Alex: Didn't we just do that?)
HIT THE ROAD
19th CENTURY QUOTES
"E"-MALE
MEDICAL PREFIXES
BEFORE & AFTER
    $400 26
"Harry Potter"

Richard
    $400 8
Sesame Street

Gail
    $400 16
right

Gail
    $400 1
(Roger) Ebert

Richard
    $400 6
hypno-

Peter
    $400 21
Gentle Ben & Jerry's

Gail
    $800 27
"Gremlins"

Richard
    $800 10
Elm Street

Peter
    $800 17
(Robert) Fulton

Richard
    $800 2
Eminem

Gail
    $800 7
the foot

Peter
    $800 22
Minnie Pearl Harbor

Richard
    $1200 28
1 of ("Mrs. Doubtfire" and "Bicentennial Man")

Richard
    $1200 11
The Yellow Brick Road

Peter
    $3,000 18
Andrew Jackson

Richard
    $1200 3
Boomer Esiason

Gail
    $1200 9
the ear

Peter
    $4,000 23
Catherine The Great Expectations

Richard
    $1600 29
"Nine Months"

Richard
    $1600 12
the Appian Way

Gail
    $1600 19
Geronimo

Richard
    $1600 4
Clint Eastwood

Peter
    $1600 14
gray (or grey)

Peter
    $1600 24
Twelfth Night Train

Richard
    $2000 30
"The Goonies"

Peter
    $2000 13
(Peter: What is Savile Row?)

Carnaby Street

GailPeter
    $2000 20
John Marshall

Richard
    $2000 5
(Joe) Eszterhas

Richard
    $2000 15
(Peter: What is the elbow?)

the eyelids

GailPeter
    $2000 25
(Alex (to Richard, before reading the clue): Aren't you embarrassed that you know that?)

Twisted Sister Carrie

Peter

Scores at the end of the Double Jeopardy! Round:

Richard Gail Peter
$30,000 $10,400 $9,600
(lock game)

[wagering suggestions for these scores]

Final Jeopardy! Round responses

ENGLISH LITERATURE
(Alex [after reading Gail's response]: Nope, much too early.)
...
(Alex: No, the correct response is "Who is [*]"? or "Who's Afraid of [*]?" She moved to the Bloomsbury district where she became the center of the Bloomsbury, uh, Literary Group.)
PeterWho was Christie?
$801
GailWho was Austen?
$10,000
RichardWho was E. B. Browning?
$9,000
Virginia Woolf

Final scores:

Richard Gail Peter
$21,000 $400 $8,799
2-day champion: $50,600 3rd place: $1,000 2nd place: $2,000

Game dynamics:

Coryat scores:

Richard Gail Peter
$23,200 $10,400 $9,600
27 R
(including 3 DDs),
2 W
11 R,
0 W
18 R,
4 W

Combined Coryat: $43,200

The J! Archive is created by fans, for fans. The Jeopardy! game show and all elements thereof, including but not limited to copyright and trademark thereto, are the property of Jeopardy Productions, Inc. and are protected under law. This website is not affiliated with, sponsored by, or operated by Jeopardy Productions, Inc. Join the discussion at JBoard.tv.